Її регіт не лякав... (Запис № 398681)

МАРК-запис
000 -LEADER
fixed length control field 00855nam a22002417a 4500
001 - CONTROL NUMBER
control field 112711
003 - CONTROL NUMBER IDENTIFIER
control field UA-OsUOA
005 - DATE AND TIME OF LATEST TRANSACTION
control field 20260402162810.0
007 - PHYSICAL DESCRIPTION FIXED FIELD--GENERAL INFORMATION
fixed length control field ta
008 - FIXED-LENGTH DATA ELEMENTS--GENERAL INFORMATION
fixed length control field 20150723b un ||||| |||| 00| 0 ukr d
040 ## - CATALOGING SOURCE
Original cataloging agency UA-OsUOA
Language of cataloging ukr
Transcribing agency UA-OsUOA
Modifying agency UA-OsUOA
041 ## - LANGUAGE CODE
Language code of text/sound track or separate title ukr
080 ## - UNIVERSAL DECIMAL CLASSIFICATION NUMBER
Universal Decimal Classification number 821.161.2
090 ## - LOCALLY ASSIGNED LC-TYPE CALL NUMBER (OCLC); LOCAL CALL NUMBER (OCLC)
Classification number (OCLC) (R) ; Classification number, CALL (RLIN) (NR) 821.161.2
Local cutter number (OCLC) ; Book number/undivided call number, CALL (RLIN) З-14
100 ## - MAIN ENTRY--PERSONAL NAME
Personal name Загачевський Е.
9 (RLIN) 24853
245 ## - TITLE STATEMENT
Title Її регіт не лякав...
Remainder of title оповідання з часів другої світової війни
Statement of responsibility, etc Е. Загачевський
260 ## - PUBLICATION, DISTRIBUTION, ETC. (IMPRINT)
Place of publication, distribution, etc Буенос-Айрес
Name of publisher, distributor, etc Вид-во Юліяна Середяка
Date of publication, distribution, etc 1975
300 ## - PHYSICAL DESCRIPTION
Extent 192 с.
650 #7 - SUBJECT ADDED ENTRY--TOPICAL TERM
Topical term or geographic name as entry element 82 Література. Літературознавство
Source of heading or term UDC
9 (RLIN) 15
942 ## - ADDED ENTRY ELEMENTS (KOHA)
Koha item type Книги
Source of classification or shelving scheme Universal Decimal Classification
955 ## - COPY-LEVEL INFORMATION (RLIN)
Classification number, CCAL (RLIN) Літературно-художні видання
Фонди
Withdrawn status Lost status Source of classification or shelving scheme Damaged status Not for loan Collection code Home library Current library Date acquired Inventory number Total Checkouts Full call number Barcode Date last seen Price effective from Koha item type Source of acquisition Cost, normal purchase price Cost, replacement price Public note
Withdrawn   Universal Decimal Classification     Колекція Зваруна Івана АБ - Абонемент НБ АБ - Абонемент НБ 23/07/2015 51029   821.161.2 З-14 51029 13/07/2019 23/07/2015 Книги        
    Universal Decimal Classification       Наукова бібліотека ІДУД Наукова бібліотека ІДУД 05/12/2007 2127395   82-32 З-14 2127395 15/09/2019 05/12/2007 Книги 130/2007 1.00    
    Universal Decimal Classification       Наукова бібліотека ІДУД Наукова бібліотека ІДУД 30/03/2026 300475   82-32 З-14 300475 30/03/2026 30/03/2026 Книги №3/26.03.2026 (ІДУД) 1.00 1.00 Книгу отримано в дар від Романа Єринюка